00309nam a2200109Ia 4500008004100000020001800041100002100059245006500080250001200145260002800157300001400185171205s9999 xx 000 0 und d a9780073049212 aJones, Gareth R. cGareth R. Jones, Jennifer M. GeorgeaContemporary Management a4th ed. bMcGraw-Hill/Irwinc2006 a780 pages